Quizzes
Events
Quiz Creation
Community
Videos
Private Events
Remove Ads
Sign In
Join for FREE
Feedback
Dark Mode
Quiz Categories
Sports
Geography
Music
Movies
Television
Just For Fun
Miscellaneous
History
Literature
Language
Science
Gaming
Entertainment
Religion
Holiday
For Kids
Quiz Lab
Recent
Popular Today
Quiz Kudos Today
Editor Picks
Curator Picks
Quizzes by...
Day
Popularity
Type
Ratings
Length
Year
Community
Subscriptions
Recent Discussions
Orange Saloon
Badges
Playlists
Quests
Create
Leaderboards
Showdown
Live 5
Trivia Bingo
Activity
Puzzle Library
Sporcle Events
Private Events
Virtual Trivia
Globe League
Become a Host
Pub Owners
SporcleCon
Opinionation
Our Games
Videos
Blog
Mobile Apps
Partnerships
Remove Ads and Go Orange
Feedback
Science
Computer
Plants
Astronomy
Chemistry
Elements
Math
Animal
Physics
Anatomy
Biology
Geology
General Science
Science
Computer
Plants
Astronomy
Chemistry
Elements
Math
Animal
Physics
Anatomy
Biology
Geology
General Science
Random Quiz
Search Sporcle
×
Quiz Lab
Quiz Lab
Science
eat
Type in answers that appear in a list
Type in answers that appear in a list
Classic
Best Score? Go Orange.
Parts of the pig not to eat Stats
Can you name the parts of the pig not to eat?
By
007sman1
10m
17 Questions
91 Plays
91 Plays
91 Plays
Comments
Comments
Give Quiz Kudos
Give Quiz Kudos
-
- Ratings
hide this ad
Replay
Link that replays current quiz
Next Quiz
Link to next quiz in quiz playlist
You Got
0%
They Got
Avg Score
32%
Avg Friend Score
Upgrade to see
Score Distribution
Jump to the score distribution portion of the page
Score
0/17
Timer
10:00
0
Plays Today
% Correct
eye balls
81.3%
penis
68.1%
bone
62.6%
hoof
58.2%
teeth
58.2%
bladder
44%
gall bladder
31.9%
spleen
30.8%
thymus
22%
% Correct
thyroid
19.8%
parathyroid
13.2%
diaphram
13.2%
adrenal glands
13.2%
prostate
11%
salivary gland
9.9%
pancrieas
7.7%
lacrimal gland
3.3%
Quiz Playlist
Details
Report
Send in Message
Add To Playlist
Classic:
Type in answers that appear in a list
Last Updated: Feb 16, 2017
Quiz Scoreboard
CHALLENGE
Sign Up to Join the Scoreboard
Show All
Scores
Hide
Comments
May contain spoilers
Recently Published
Presidents Visiting Landmarks
by Hejman
History
7m
An Introduction to Baseball
by treessimontrees
Sports
5m
Movies - When Are They Set?
by FPL_Elf
Movies
5m
More to Explore
Quiz From the Vault
Featured Blog Post
Where Did the Easter Bunny Come From?
hide this ad
You Might Also Like...
Tags
eat
pig
Today's Top Quizzes in Science
Browse Science
hide this ad
Today's Top Quizzes in eat
Browse eat
Top Contributed Quizzes in Science
1
Quick Pick: Radians
2
Name the Acid, Base or Salt
3
Quick Pick: 'CI-CJ' Animals
4
Elements In Images
5
One Thing in Common: Science
6
One Thing in Common: Animals
7
One Thing in Common: Science III
8
1 to 50
9
One Thing in Common: Science II
10
Order Up: Organs and Body Systems
Explore More
Trending Topics
Marvel
Harry Potter
Crossword
Kpop
Anime
NBA
Disney
The Office
NFL
Song
WWE
Pokémon
Country
Soccer
Puzzle
hide this ad
More By:
007sman1
Quiz
Plays
Rating
Category
Featured
Created
Characters in John Gardner's Grendel
128
5.00
Literature
Dec 5, 2010
Parts of the pig not to eat
91
3.00
Science
Nov 14, 2010
Go to Creator's Profile
Score Distribution
Quiz Creator Spotlight
007sman1
Follow
Send a Message
Quizzes Created
-
Created Quiz Play Count
-
More By This Creator
Popular Quizzes Today
1
Find the US States - No Outlines Minefield
2
Find the Countries of Europe - No Outlines Minefield
3
The Countries of the World
4
Find the US States
5
Popular People in 1961
6
US States
7
Risky Map Clicking: Biggest States A-Z
8
Movies - When Are They Set?
More Science Quizzes
Largest Insect Orders
Published
Trending Quizzes
Risky Map Clicking: Least Populous States A-Z
1-10 Letter G Words
1-10 Letter F Words
Risky Map Clicking: Next State Alphabetically
Risky Map Clicking: Biggest States A-Z
Recently Updated
Leaping Animals
pecheneg
Reality TV Shows (A-Z)
bhenderson79
Rickey Henderson's Hall of Fame Teammates
pecheneg
Champions League XIs: Arsenal
pecheneg
Quick Pick: Celebrities in WWE's Hall of Fame
aduchscher
A-Z Keypad Blitz II
pecheneg
Multiple Oscar Actors
pecheneg
Mystery Phrase Blitz: Oscar 'Best Actors'
pecheneg
F. Scott Fitzgerald Novels
LTH
Pick 3 Villains
ddd62291
Trending Topics
NBA
Marvel
Disney
Crossword
Anime
Harry Potter
Kpop
NFL
The Office
Soccer
WWE
Pokémon
Country
Puzzle
Song
Your Account Isn't Verified!
In order to create a playlist on Sporcle, you need to verify the email address you used during registration. Go to your
Sporcle Settings
to finish the process.
Report this User
Report this user for behavior that violates our
Community Guidelines
.
Details:
Send Report
Go to the Sporcle.com Mobile Site →
Comments